| 000 | 00539nas a22001937c 4500 | ||
|---|---|---|---|
| 003 | OSt | ||
| 005 | 20231004092522.0 | ||
| 007 | ta | ||
| 008 | 231004b1965 xxuqr|p| |||| 00| 0 spa d | ||
| 040 | _aCHAP | ||
| 090 | _aRevista | ||
| 110 |
_9171169 _aThe Dow Chemical Company |
||
| 245 |
_aBiokemia _c/ editada por The Dow Chemical International |
||
| 260 |
_aEstados Unidos: _bThe Dow Chemical Company _c1965- |
||
| 300 | _av. | ||
| 310 | _aTrimestral | ||
| 650 | 7 |
_958036 _aIndustrias quĆmicas _xPublicaciones periódicas |
|
| 942 | _2ddc | ||
| 999 |
_c219208 _d219208 |
||